Správa dane z nehnuteľností - niekoľko problémových otázok

Bibliographic Details
Main Author: Bubeníková, Irena (Author)
Format: Article
Language:Slovak
ISSN:1337-0448
Subjects:

MARC

LEADER 00000nab a2200000 ar4500
001 vtls008962775
003 SK-MaSNL
005 20260303070732.0
008 070411c2007 xo sr|p|||||||000 b|slo
015 |a SNBRB2007/04  |2 snkbucl 
038 |a SNKBUCL 
040 |a SNKBUCL  |b slo  |c SNKBUCL  |e AACR2 
041 0 |a slo 
044 |a xo  |c SK 
080 |a 336.226.212.1  |2 2001 
080 |a 352  |2 2001 
100 1 |a Bubeníková, Irena  |4 aut  |9 11676 
245 1 0 |a Správa dane z nehnuteľností - niekoľko problémových otázok  |c Irena Bubeníková 
650 0 7 |a daň z nehnuteľnosti  |2 snkbucl  |9 2116 
650 0 7 |a obce  |2 snkbucl  |9 2935 
650 0 7 |a nariadenia  |2 snkbucl  |9 712142 
773 0 |t Verejná správa : školy, úrady, obce, kultúra, zdravotníctvo, rozpočtové, príspevkové, neziskové organizácie  |g Č. 4 (2007), s. 24-25  |x 1337-0448 
852 |a SNK  |b KIS3GCP 
999 |c 1756711  |d 1758641